000 00505nam a2200169 i 4500
001 67861
003 ES-MaACL
005 20230906170148.0
007 t|
008 040206s1916 sp ||||1| spa d
100 1 _aGallego, Vicente.
_953545
245 1 0 _aDolor
_b: poesías /
_cVicente Gallego ; prólogo de Fernando Iglesias.
260 _aMadrid :
_bRenovación,
_c1916 (
_fImp. Hispano-Africana)
300 _a31 p. ;
_c19 cm.
700 1 _aIglesias, Fernando.
_9141664
852 _aES-MaACL
_j1482-F-5
999 _c67861
_d67861